Normal view
MARC view
- Davis, Joshua,
Entry Personal Name
001 - CONTROL NUMBER
- control field: 97265
003 - CONTROL NUMBER IDENTIFIER
- control field: NUST
005 - DATE AND TIME OF LATEST TRANSACTION
- control field: 20220815165623.0
008 - FIXED-LENGTH DATA ELEMENTS
- fixed length control field: 220815|| aca||aabn | a|a d
040 ## - CATALOGING SOURCE
- Original cataloging agency: NUST
- Transcribing agency: NUST
100 ## - HEADING--PERSONAL NAME
- Personal name: Davis, Joshua,
- Dates associated with a name: 1974-
670 ## - SOURCE DATA FOUND
- Source citation: Work cat.: (NUST)0: Davis, Joshua, 1974-, Spare parts :
